000 01047nam0a22003011 4500
001 rc\174901
005 20250620220800.0
035 _a(NLR Aleph) 005436265
090 _a4709476
_c4709476
100 _a20030307d1991 |||y0rusy50 ca
101 0 _arus
102 _aRU
105 _ay |||||||||
200 1 _aАлександр II и княгиня Юрьевская
_e[Перевод]
205 _a[Репринт. изд.]
210 _aМ.
_cЦГА СССР
_d1991
215 _a108, [4] с.
_d20
300 _aЗагл. обл.: Роман императора
300 _aВых. дан. ориг.: Книгоиздательство "Слово", 1924
512 0 _aРоман императора
600 0 _aАлександр
_dII
_cимператор
_2psbo
600 1 _aЮрьевская
_bЕ.М.
_gЕкатерина Михайловна
_2psbo
700 1 _aПалеолог
_bМ.
_f1859-1944
_gМорис
801 0 _aRU
_bNLR
_gpsbo
801 1 _aRU
_bELAR
_2rusmarc
852 _aNLR
_j91-3/7550
942 _cBOOK
980 _aNB